[Event "BCF-ch Major op"]
[Site "North Shields"]
[Date "2012.07.24"]
[Round "2.53"]
[White "Bravo Alfaro, Javier"]
[Black "Mulleady, Peter J"]
[Result "0-1"]
[WhiteElo "1930"]
[BlackElo "1797"]
[PlyCount "54"]
[EventDate "2012.07.23"]
[EventType "swiss"]
[EventRounds "11"]
[EventCountry "ENG"]
[SourceTitle "EXT 2023"]
[Source "ChessBase"]
[SourceDate "2022.10.05"]
[SourceVersion "1"]
[SourceVersionDate "2022.10.05"]
[SourceQuality "1"]

1. e4 g6 2. f4 Bg7 3. Nf3 c5 4. c3 d5 5. Bb5+ Bd7 6. Qe2 dxe4 7. Bxd7+ Qxd7 8. Qxe4 Nf6 9. Qe2 Nc6 10. a4 0-0 11. 0-0 Rad8 12. a5 Rfe8 13. a6 b6 14. Na3 e5 15. fxe5 Ng4 16. Nc4 Ngxe5 17. Ng5 f5 18. Nxe5 Nxe5 19. Nf3 Nd3 20. Qd1 Re4 21. Ng5 Rg4 22. Nf3 Re8 23. Qb3+ c4 24. Qa4 b5 25. Qd1 Qc6 26. b3 Qc5+ 27. Kh1 Nf2+ 0-1